[Event "EU-chT U12"]
[Site "Thessaloniki"]
[Date "2022.07.15"]
[Round "4.3"]
[White "Golubovic, Erik"]
[Black "Dimoudis, Dimitrios"]
[Result "1-0"]
[WhiteElo "1594"]
[BlackElo "1058"]
[PlyCount "95"]
[EventDate "2022.07.12"]
[EventType "team-swiss"]
[EventRounds "7"]
[EventCountry "GRE"]
[SourceTitle "EXT 2023"]
[Source "ChessBase"]
[SourceDate "2022.10.05"]
[SourceVersion "1"]
[SourceVersionDate "2022.10.05"]
[SourceQuality "1"]
[WhiteTeam "Croatia U12"]
[BlackTeam "Greece Triandria U12"]
[WhiteTeamCountry "CRO"]
[BlackTeamCountry "GRE"]

1. e4 c6 2. c4 d5 3. cxd5 cxd5 4. exd5 Qxd5 5. Nc3 Qd8 6. d4 Nf6 7. Nf3 e6 8. Bd3 Be7 9. 0-0 Nc6 10. a3 h6 11. Re1 0-0 12. Bc2 Qd7 13. Qd3 Rd8 14. Be3 Bf8 15. Rad1 Ne7 16. Ne5 Qc7 17. Bf4 Qb6 18. b4 Nc6 19. Ng4 Be7 20. Na4 Qa6 21. b5 Qa5 22. bxc6 bxc6 23. Be5 Ba6 24. Nxf6+ Bxf6 25. Qh7+ Kf8 26. Bxf6 gxf6 27. Qxh6+ Ke7 28. Qe3 Rg8 29. Nc5 Bc8 30. Be4 Bd7 31. Nxd7 Kxd7 32. Qf3 Ke7 33. Bxc6 Rad8 34. d5 Qc5 35. Rc1 Qd6 36. Qe3 e5 37. Qxa7+ Kf8 38. Qc5 Ke7 39. Qxd6+ Kxd6 40. Rb1 Rc8 41. Rb7 Rc7 42. Reb1 Rgc8 43. Rxc7 Rxc7 44. Rb7 Rc8 45. Rxf7 Rb8 46. Rb7 Rc8 47. a4 Kc5 48. a5 1-0

[Event "EU-chT U12"]
[Site "Thessaloniki"]
[Date "2022.07.13"]
[Round "2.3"]
[White "Gales, Randi Ioan"]
[Black "Dimoudis, Dimitrios"]
[Result "1-0"]
[WhiteElo "1805"]
[BlackElo "1058"]
[PlyCount "111"]
[EventDate "2022.07.12"]
[EventType "team-swiss"]
[EventRounds "7"]
[EventCountry "GRE"]
[SourceTitle "EXT 2023"]
[Source "ChessBase"]
[SourceDate "2022.10.05"]
[SourceVersion "1"]
[SourceVersionDate "2022.10.05"]
[SourceQuality "1"]
[WhiteTeam "Romania U12"]
[BlackTeam "Greece Triandria U12"]
[WhiteTeamCountry "ROU"]
[BlackTeamCountry "GRE"]

1. d4 Nf6 2. c4 g6 3. Nc3 Bg7 4. e4 d6 5. Bd3 0-0 6. Nge2 c5 7. d5 Nbd7 8. 0-0 Ne5 9. Ng3 Ne8 10. h3 Nxd3 11. Qxd3 f5 12. exf5 Bxf5 13. Nxf5 Rxf5 14. Ne4 Rf7 15. Ng5 Rf6 16. Ne6 Qd7 17. Bg5 Rf7 18. Rab1 Nc7 19. Rfe1 Re8 20. Re2 Be5 21. f4 Nxe6 22. dxe6 Qxe6 23. fxe5 dxe5 24. Rbe1 Qd6 25. Qd5 Qxd5 26. cxd5 Rf5 27. Rxe5 Rxe5 28. Rxe5 Kf7 29. Re6 b6 30. Kf2 Kf8 31. Ke3 Kf7 32. Kd3 b5 33. a4 bxa4 34. Kc4 a5 35. Kxc5 Rc8+ 36. Kb5 a3 37. Rxe7+ Kg8 38. bxa3 Rb8+ 39. Kxa5 Ra8+ 40. Kb4 Rb8+ 41. Kc5 Rc8+ 42. Kd6 Rd8+ 43. Ke6 Rf8 44. d6 Rc8 45. d7 Rd8 46. Rg7+ Kxg7 47. Bxd8 Kh6 48. Bg5+ Kxg5 49. d8Q+ Kf4 50. Qh4+ Ke3 51. Kd5 Kd2 52. Kd4 Ke2 53. Qf4 Kd1 54. Qf2 Kc1 55. Kc3 Kd1 56. Qf1# 1-0